A Quiz About Beethoven - Statistics

General Stats
  • This quiz has been taken 424 times
  • The average score is 9 of 18
Answer Stats
Hint Answer % Correct
Most famous short piano work Für {Elise}
97%
City of death Vienna
79%
Piano sonata No 14, op 27 Moonlight
73%
Schiller's poem that is used in Symphony No 9 Ode to Joy
72%
City of birth Bonn
70%
Symphony No 3, op 55 Eroica
61%
Symphony No 6, op 68 Pastoral
57%
His only opera Fidelio
55%
Piano concerto No 5, op 73 Emperor
47%
Symphony No 9, op 125 Choral
45%
Piano sonata No 23, op 57 Appassionata
39%
Piano sonata No 17, op 31 Tempest
31%
And thirdly, to a play about a 16th century Dutch count Egmont
30%
Violin sonata No 9, op 47 Kreutzer
29%
The second, to a ballet he wrote the music for The Creatures of {Prometheus}
28%
Violin sonata No 5, op 24 Spring
27%
The first, to his own opera; comes in 3 versions Leonore
23%
Opus 108? The answer is a nationality (or regionality - take your pick) 25 {Scottish} songs
19%
No matching quizzes found
Score Distribution
Percent of People with Each Score
Percentile by Number Answered
Your Score History
You have not taken this quiz